00304nam a2200133Ia 4500003000900000008004100009040001300050040001300063100002600076245003000102260002400132300000800156490000600164IT-RoPAU120407s9999 xx 000 0 und d aIT-RoPAU cIT-RoPAU aAbbrescia Domenico M. aLa Chiesa è un cenacolo aSaggi ed Esperienze c cm v1